Central Library OPAC University of Rajshahi

The turn of the screw : (Record no. 22931)

MARC details
000 -LEADER
fixed length control field 00647nam a22002292a 4500
001 - CONTROL NUMBER
control field 22931
003 - CONTROL NUMBER IDENTIFIER
rucl marc code BD-RJUL
005 - DATE AND TIME OF LATEST TRANSACTION
control field 20211209000854.0
008 - FIXED-LENGTH DATA ELEMENTS--GENERAL INFORMATION
fixed length control field 140309r19541926nyu 000 1 eng d
035 ## - SYSTEM CONTROL NUMBER
System control number (BD-RJUL)22996
040 ## - CATALOGING SOURCE
Original cataloging agency CSJ
Transcribing agency CSJ
Modifying agency OCL
-- EQO
Language of cataloging eng
041 ## - LANGUAGE CODE
Language code of text/sound track or separate title eng
082 ## - DEWEY DECIMAL CLASSIFICATION NUMBER
Classification number 813.4
Author mark and year JAT 1954
090 ## - LOCALLY ASSIGNED LC-TYPE CALL NUMBER (OCLC); LOCAL CALL NUMBER (OCLC)
Classification number (OCLC) (R) ; Classification number, CALL (RLIN) (NR) PS2116
Local cutter number (OCLC) ; Book number/undivided call number, CALL (RLIN) .T8 1926
100 1# - MAIN ENTRY--PERSONAL NAME
Personal name James, Henry,
Dates associated with a name 1843-1916.
9 (RLIN) 70709
245 14 - TITLE STATEMENT
Title The turn of the screw :
Remainder of title and Daisy Miller /
Statement of responsibility, etc. Henry James
260 ## - PUBLICATION, DISTRIBUTION, ETC. (IMPRINT)
Place of publication, distribution, etc. New York :
Name of publisher, distributor, etc. Dell,
Date of publication, distribution, etc. 1926,1954
300 ## - PHYSICAL DESCRIPTION
Pagination 191 p. ;
Size 17 cm
700 1# - ADDED ENTRY--PERSONAL NAME
Personal name James, Henry,
Dates associated with a name 1843-1916.
942 ## - ADDED ENTRY ELEMENTS (KOHA)
Source of classification or shelving scheme Dewey Decimal Classification
Koha item type Books
Holdings
Lost status Source of classification or shelving scheme Damaged status Not for loan Collection code Permanent Location Current Location Shelving location Date acquired Source of acquisition Total Checkouts Full call number Date last seen Copy number Koha item type
  Dewey Decimal Classification   Added to bundle Fiction Central Library, University of Rajshahi Central Library, University of Rajshahi Reading Room 23/03/2014 RUCL   813.4 JAT 1926 09/03/2014 C-1 Books